Sun Pictures (Record no. 3477)

MARC details
000 -CABECERA
campo de control de longitud fija 01039nam a2200265 a 4500
001 - NÚMERO DE CONTROL
campo de control BRCA_3748
005 - FECHA Y HORA DE LA ÚLTIMA TRANSACCIÓN
campo de control 20190320204417.0
008 - DATOS DE LONGITUD FIJA--INFORMACIÓN GENERAL
campo de control de longitud fija 211009s2005----nyua---###---#000-0#eng-#
020 ## - NÚMERO INTERNACIONAL ESTÁNDAR DEL LIBRO
Número Internacional Estándar del Libro 1892535165
041 ## - CÓDIGO DE LENGUA
Código de lengua del texto/banda sonora o título independiente eng
044 ## - CÓDIGO DEL PAÍS DE LA ENTIDAD EDITORA/PRODUCTORA
Código MARC del país nyu
050 #4 - SIGNATURA TOPOGRÁFICA DE LA BIBLIOTECA DEL CONGRESO
Número de clasificación TR395
Número de documento/Ítem .K73 2005
100 1# - ENTRADA PRINCIPAL--NOMBRE DE PERSONA
Nombre de persona Kraus, Hans P.
Títulos y otros términos asociados al nombre Jr.
9 (RLIN) 9766
245 10 - MENCIÓN DE TÍTULO
Título Sun Pictures
Resto del título Catalogue Fourteen : Roger Fenton : A Family Collection
Mención de responsabilidad, etc. Hans P. Kraus ; text by Larry J. Schaaf ; introduction by Roger Taylor.
260 ## - PUBLICACIÓN, DISTRIBUCIÓN, ETC.
Lugar de publicación, distribución, etc. New York
Nombre del editor, distribuidor, etc. Hans P. Kraus, Jr. Inc.
Fecha de publicación, distribución, etc. c2005
300 ## - DESCRIPCIÓN FÍSICA
Extensión 107 p.
Otras características físicas il. (algunas a color)
Dimensiones 28 cm.
500 ## - NOTA GENERAL
Nota general Catálogo de la exposición realizada en la Galería Hans P. Kraus, Jr., Inc., 26 abril - 10 junio, 2005
504 ## - NOTA DE BIBLIOGRAFÍA, ETC.
Nota de bibliografía, etc. Incluye referencias bibliográficas
600 14 - PUNTO DE ACCESO ADICIONAL DE MATERIA--NOMBRE DE PERSONA
Nombre de persona Fenton, Roger
Fechas asociadas al nombre 1819-1869
Subdivisión de forma Catálogos
Subdivisión general Biografía
9 (RLIN) 9767
650 14 - PUNTO DE ACCESO ADICIONAL DE MATERIA--TÉRMINO DE MATERIA
Término de materia o nombre geográfico como elemento de entrada Calotipo
Subdivisión de forma Catálogos
9 (RLIN) 9768
650 14 - PUNTO DE ACCESO ADICIONAL DE MATERIA--TÉRMINO DE MATERIA
Término de materia o nombre geográfico como elemento de entrada Fotografía
Subdivisión de forma Catálogos
Subdivisión general Historia
Subdivisión geográfica Gran Bretaña
9 (RLIN) 9769
700 1# - PUNTO DE ACCESO ADICIONAL--NOMBRE DE PERSONA
Nombre de persona Schaaf, Larry J.
Fechas asociadas al nombre 1947-
9 (RLIN) 9770
700 1# - PUNTO DE ACCESO ADICIONAL--NOMBRE DE PERSONA
Nombre de persona Taylor, Roger
Fechas asociadas al nombre 1940-
9 (RLIN) 9771
942 ## - ELEMENTOS DE PUNTO DE ACCESO ADICIONAL (KOHA)
Fuente del sistema de clasificación o colocación Library of Congress Classification
Tipo de ítem Koha Libros
Holdings
Estado de retiro Estado de pérdida Estado dañado No para préstamo Localización permanente Ubicación/localización actual Fecha de adquisición Total de préstamos Signatura topográfica completa Código de barras Fecha visto por última vez Precio válido a partir de Tipo de ítem Koha
El ejemplar forma parte de la colección y puede ser consultado según las políticas vigentes.       Biblioteca del Museo Franz Mayer (Rogerio Casas-Alatriste) Biblioteca del Museo Franz Mayer (Rogerio Casas-Alatriste) 23/09/2009   TR395 .K73 2005 02441 22/03/2019 22/03/2019 Libros